La Ciudad como mecanismo integrador

Salvato in:
Dettagli Bibliografici
Autore principale: Germani, Gino
Natura: testo
Tags: Aggiungi Tag
Nessun Tag, puoi essere il primo ad aggiungerne!!

MARC

LEADER 00000 a a2200000 04500
001 23241
003
040
090 |a 160800  
100 |a Germani, Gino  
245 |a La Ciudad como mecanismo integrador  
300 |a 387-407 p  
999 |c 2540  |d 2540